| 000 | 01088nam a22003137a 4500 | ||
|---|---|---|---|
| 003 | CHAP | ||
| 005 | 20220329134007.0 | ||
| 008 | 971013s1972 r 00010 d | ||
| 010 | _a13759 | ||
| 011 | _a14731 | ||
| 035 | _a18805 | ||
| 040 | _cCHAP | ||
| 090 | _aTesis | ||
| 100 | 0 | 0 |
_aGonzález Cepeda, Ignacio Anselmo. _948779 |
| 245 | _aControl de los efectos de inviernos benignos en manzano (Mallus sysvestris Mill) para la región de Navidad, Nuevo León | ||
| 260 |
_a(Monterrey, N.L.) : _bEl autor, _c1972 |
||
| 300 | _a100 h | ||
| 502 | _aTesis (Ing. Agrónomo Fitotecnista) -- ITESM. Div. de Ciencias Agropecuarias y Marítimas | ||
| 590 |
_aALEPH _b10 _c20130110 _lUCH01 _h1233 |
||
| 590 |
_aBATCH-UPD _b10 _c20130110 _lUCH01 _h1559 |
||
| 590 |
_aBATCH-UPD _b10 _c20130410 _lUCH01 _h0956 |
||
| 590 |
_aBATCH-UPD _b10 _c20130914 _lUCH01 _h1703 |
||
| 590 |
_aCONVERSION _b10 _c20130109 _lUCH01 _h1309 |
||
| 650 | 1 | 4 |
_aManzana _xNuevo León. _970791 |
| 650 | 1 | 4 |
_aManzana _xResistencia al frío. _970803 |
| 901 | _aBK | ||
| 942 | _cTESIS | ||
| 949 |
_bBC _cTES _d-43732 _eTS1 _i18805 _si |
||
| 999 |
_c13759 _d13759 |
||